54 aplicaciones del Visicalc / (Record no. 184817)
[ view plain ]
| 000 -LEADER | |
|---|---|
| campo de control de longitud fija | 00628nam a2200193 i 4500 |
| 001 - NÚMERO DE CONTROL | |
| campo de control | 184817 |
| 003 - IDENTIFICADOR DE NÚMERO DE CONTROL | |
| campo de control | ES-MaACL |
| 005 - FECHA Y HORA DE LA ÚLTIMA TRANSACCIÓN | |
| campo de control | 20230906222302.0 |
| 008 - DATOS DE LONGITUD FIJA--INFORMACIÓN GENERAL | |
| campo de control de longitud fija | 160202s1985 sp |||| | spa d |
| 020 ## - NÚMERO INTERNACIONAL ESTÁNDAR DEL LIBRO | |
| Número Internacional Estándar del Libro | 84-7615-019-9 |
| 080 ## - NÚMERO DE LA CLASIFICACIÓN DECIMAL UNIVERSAL | |
| Número de la Clasificación Decimal Universal | 681.31.066 VisiCalc |
| 100 1# - ENTRADA PRINCIPAL--NOMBRE DE PERSONA | |
| Nombre de persona | Flast, Robert H. |
| 9 (RLIN) | 158627 |
| 245 10 - MENCIÓN DEL TÍTULO | |
| Título | 54 aplicaciones del Visicalc / |
| Mención de responsabilidad, etc. | Robert H. Flast ; traducción, Luis Joyanes Aguilar. |
| 260 ## - PUBLICACIÓN, DISTRIBUCIÓN, ETC. | |
| Lugar de publicación, distribución, etc. | Madrid : |
| Nombre del editor, distribuidor, etc. | McGraw-Gill : La Colina, |
| Fecha de publicación, distribución, etc. | D.L. 1985. |
| 300 ## - DESCRIPCIÓN FÍSICA | |
| Extensión | VIII, 277 p. ; |
| Dimensiones | 28 cm. |
| 630 04 - PUNTO DE ACCESO ADICIONAL DE MATERIA--TÍTULO UNIFORME | |
| Título uniforme | VisiCalc (Archivo de ordenador) |
| 9 (RLIN) | 158628 |
| 700 0# - ENTRADA AGREGADA--NOMBRE PERSONAL | |
| Nombre de persona | Joyanes Aguilar, Luis. |
| 9 (RLIN) | 67073 |
| 852 ## - LOCALIZACIÓN | |
| Ubicación | ES-MaACL |
| Número de control de estantería | G-6927 |
| Estatus retirado | Estado de pérdida | Estado de daño | No para préstamo | Biblioteca de origen | Biblioteca actual | Ubicación en estantería | Fecha de adquisición | Fuente de adquisición | Total de préstamos | Signatura topográfica completa | Código de barras | Visto por última vez | Precio de reemplazo | Tipo de ítem Koha |
|---|---|---|---|---|---|---|---|---|---|---|---|---|---|---|
| Biblioteca del Ateneo de Madrid | Biblioteca del Ateneo de Madrid | Depósito 2 | 02/02/2016 | G-6927 | 1194640 | 23/02/2023 | 23/02/2023 | Libro impreso |
